|
|
|
|
| LEADER |
00000cam a22000004a 4500 |
| 001 |
musev2_89558 |
| 003 |
MdBmJHUP |
| 005 |
20230905052952.0 |
| 006 |
m o d |
| 007 |
cr||||||||nn|n |
| 008 |
190816s2019 pau o 00 0 eng d |
| 020 |
|
|
|a 9781439917688
|
| 020 |
|
|
|z 143991768X
|
| 040 |
|
|
|a MdBmJHUP
|c MdBmJHUP
|
| 245 |
0 |
4 |
|a The Black Worker, Volume 2 :
|b The Black Worker During the Era of the National Labor Union /
|c edited by Philip S. Foner and Ronald L. Lewis.
|
| 264 |
|
1 |
|a Philadelphia :
|b Temple University Press,
|c 2019.
|
| 264 |
|
3 |
|a Baltimore, Md. :
|b Project MUSE,
|c 0000
|
| 264 |
|
4 |
|c ©2019.
|
| 300 |
|
|
|a 1 online resource.
|
| 336 |
|
|
|a text
|b txt
|2 rdacontent
|
| 337 |
|
|
|a computer
|b c
|2 rdamedia
|
| 338 |
|
|
|a online resource
|b cr
|2 rdacarrier
|
| 490 |
0 |
|
|a The black worker : a documentary history from colonial times to the present ;
|v volume 2
|
| 505 |
0 |
|
|a The call and the response - Formation of the Colored National Labor Union and the Bureau of Labor - The second and third conventions of the Colored National Labor Union - State Black labor conventions - Local Black militancy, 1872-1877 - The Ku Klux Klan and Black labor - Black socialism and greenbackism - Black and White labor relations, 1870-1878 - The Black exodus.
|
| 506 |
0 |
|
|a Open Access
|f Unrestricted online access
|2 star
|
| 588 |
|
|
|a Description based on print version record.
|
| 610 |
2 |
7 |
|a National Labor Union (U.S.)
|2 fast
|0 (OCoLC)fst00605940
|
| 610 |
2 |
0 |
|a National Labor Union (U.S.)
|
| 610 |
2 |
0 |
|a Colored National Labor Union.
|
| 650 |
|
7 |
|a Race relations.
|2 fast
|0 (OCoLC)fst01086509
|
| 650 |
|
7 |
|a African Americans
|x Employment.
|2 fast
|0 (OCoLC)fst00799610
|
| 650 |
|
7 |
|a African Americans
|x Economic conditions.
|2 fast
|0 (OCoLC)fst00799599
|
| 650 |
|
0 |
|a African Americans
|x Economic conditions.
|
| 650 |
|
0 |
|a African Americans
|x Employment.
|
| 651 |
|
7 |
|a United States.
|2 fast
|0 (OCoLC)fst01204155
|
| 651 |
|
0 |
|a United States
|x Race relations.
|
| 655 |
|
7 |
|a Electronic books.
|2 local
|
| 700 |
1 |
|
|a Lewis, Ronald L.,
|d 1940-
|e editor.
|
| 700 |
1 |
|
|a Foner, Philip Sheldon,
|d 1910-1994,
|e editor.
|
| 710 |
2 |
|
|a Project Muse.
|e distributor
|
| 830 |
|
0 |
|a Book collections on Project MUSE.
|
| 856 |
4 |
0 |
|z Texto completo
|u https://projectmuse.uam.elogim.com/book/89558/
|